[Event "Winnipeg TNT 2023.10"]
[Site "Winnipeg CAN"]
[Date "2023.10.24"]
[Round "4.2"]
[White "Klusa, Mark"]
[Black "Kwiatek, Jordan"]
[Result "0-1"]
[WhiteElo "1779"]
[BlackElo "1962"]
[PlyCount "79"]
[EventDate "2023.10.03"]
[EventType "swiss"]
[EventRounds "4"]
[EventCountry "CAN"]

1. e4 c5 2. Nf3 d6 3. d4 cxd4 4. Nxd4 Nf6 5. Bd3 Nc6 6. Nxc6 bxc6 7. c4 g6 8.
Nc3 Bg7 9. O-O O-O 10. Qc2 Qc7 11. h3 Rb8 12. Bf4 Nd7 13. Rab1 Nc5 14. b4 Nxd3
15. Qxd3 Ba6 16. a4 e5 17. Bg3 d5 18. b5 dxe4 19. Nxe4 cxb5 20. axb5 Rfd8 21.
Qe2 Bb7 22. Rfc1 Rd4 23. f3 f5 24. Ng5 Qe7 25. f4 h6 26. Bf2 Rxf4 27. Bxa7 Ra8
28. Be3 hxg5 29. Bxf4 gxf4 30. c5 Bd5 31. c6 f3 32. Qd2 Qe6 33. Rc5 Be4 34. Rd1
Ra2 35. Qd8+ Bf8 36. gxf3 Qb3 37. Rd3 Qxd3 38. Qxd3 Bxc5+ 39. Kh1 Bxd3 40. c7
0-1

[Event "Winnipeg TNT 2023.10"]
[Site "Winnipeg CAN"]
[Date "2023.10.24"]
[Round "4.3"]
[White "Rutter, Blair"]
[Black "Vaughan, Nathan"]
[Result "1-0"]
[WhiteElo "1866"]
[BlackElo "1943"]
[PlyCount "59"]
[EventDate "2023.10.03"]
[EventType "swiss"]
[EventRounds "4"]
[EventCountry "CAN"]

1. c4 Nf6 2. g3 c6 3. Bg2 d5 4. Qc2 e5 5. d3 Bd6 6. Bg5 Be6 7. Nd2 h6 8. Bxf6
Qxf6 9. Qb3 Qe7 10. cxd5 cxd5 11. Bxd5 Bxd5 12. Qxd5 Nc6 13. a3 O-O 14. Ngf3
Rfd8 15. Qb3 Rac8 16. O-O Na5 17. Qa4 Nc6 18. Rac1 Bc5 19. b4 Bb6 20. Qb3 Nd4
21. Nxd4 exd4 22. Ne4 Kh8 23. Rxc8 Rxc8 24. Qd5 Rc6 25. Ra1 Re6 26. Ra2 Re5 27.
Qc4 f5 28. Qc8+ Kh7 29. f4 Rxe4 30. Qxf5+ 1-0

[Event "Winnipeg TNT 2023.10"]
[Site "Winnipeg CAN"]
[Date "2023.10.24"]
[Round "4.4"]
[White "Currie, James"]
[Black "Guan, Marcus"]
[Result "1-0"]
[WhiteElo "1937"]
[BlackElo "1776"]
[PlyCount "65"]
[EventDate "2023.10.03"]
[EventType "swiss"]
[EventRounds "4"]
[EventCountry "CAN"]

1. e4 c6 2. d3 d5 3. Qe2 g6 4. f4 Bg7 5. e5 h5 6. Nd2 Nh6 7. Ngf3 Bg4 8. Qf2
O-O 9. h3 Bxf3 10. Nxf3 Qa5+ 11. Bd2 Qb6 12. Rb1 Qxf2+ 13. Kxf2 e6 14. Be2 c5
15. Ng5 Nc6 16. c3 Rfd8 17. g4 hxg4 18. hxg4 d4 19. Ne4 b6 20. c4 Kf8 21. Bf3
Rdc8 22. Nd6 Rc7 23. f5 Nxg4+ 24. Bxg4 gxf5 25. Bf3 Bxe5 26. Rbe1 Bg7 27. Bh6
a6 28. Bf4 Raa7 29. Rh7 e5 30. Rxg7 Kxg7 31. Ne8+ Kg6 32. Rg1+ Kh7 33. Nf6+ 1-0

[Event "Winnipeg TNT 2023.10"]
[Site "Winnipeg CAN"]
[Date "2023.10.24"]
[Round "4.6"]
[White "Aiello, Mick"]
[Black "Letain, Cory"]
[Result "0-1"]
[WhiteElo "1577"]
[BlackElo "1711"]
[PlyCount "110"]
[EventDate "2023.10.03"]
[EventType "swiss"]
[EventRounds "4"]
[EventCountry "CAN"]

1. e4 e6 2. b3 b6 3. Bb2 Bb7 4. Nc3 Nc6 5. d4 Bb4 6. Nge2 Nce7 7. a3 Bxc3+ 8.
Nxc3 Nf6 9. Bd3 Ng6 10. Qd2 Qe7 11. O-O O-O-O 12. f3 h5 13. e5 Nh7 14. Ne4 f5
15. exf6 gxf6 16. Nd6+ Qxd6 17. Bxg6 Rdg8 18. Be4 Ng5 19. Bxb7+ Kxb7 20. Kh1 h4
21. Rad1 h3 22. g3 Qd5 23. c4 Qd6 24. c5 Qe7 25. d5 bxc5 26. d6 cxd6 27. Qxd6
Qxd6 28. Rxd6 Kc7 29. Rd3 e5 30. Rfd1 Rh7 31. Rc1 Ne6 32. b4 Kc6 33. bxc5 Nxc5
34. f4 d6 35. fxe5 fxe5 36. Bxe5 dxe5 37. Rdc3 Re8 38. Rxc5+ Kb6 39. a4 a6 40.
a5+ Kb7 41. Rb1+ Ka7 42. Kg1 Rf7 43. Re1 e4 44. Rh5 e3 45. Rxh3 Rf5 46. g4 Rfe5
47. Rf3 Kb7 48. h4 Kc6 49. Kg2 Kd5 50. Rf5 Rxf5 51. gxf5 Ke4 52. Kg3 Kd3 53.
Kf3 e2 54. f6 Re6 55. Rxe2 Rxf6+ 0-1

[Event "Winnipeg TNT 2023.10"]
[Site "Winnipeg CAN"]
[Date "2023.10.24"]
[Round "4.7"]
[White "Hansima, Charitha"]
[Black "Movahedipour, Mohammad"]
[Result "1-0"]
[WhiteElo "1634"]
[BlackElo "1531"]
[PlyCount "83"]
[EventDate "2023.10.03"]
[EventType "swiss"]
[EventRounds "4"]
[EventCountry "CAN"]

1. d4 d5 2. Bf4 Nf6 3. e3 Bg4 4. Nf3 e6 5. Be2 Bd6 6. Ne5 Bxe2 7. Qxe2 O-O 8.
Nd2 c5 9. c3 cxd4 10. exd4 Nc6 11. O-O Qc7 12. Ndf3 Ne4 13. Nxc6 Bxf4 14. Nce5
f6 15. Ng4 Qd7 16. Ne3 Rfe8 17. g3 Bc7 18. Nd2 Ng5 19. f4 Ne4 20. Nxe4 dxe4 21.
Rad1 Qc6 22. Qc4 Qb6 23. b3 Kh8 24. Rfe1 Rac8 25. Qe2 f5 26. Nc4 Qc6 27. Qd2 b5
28. Ne5 Bxe5 29. dxe5 Qxc3 30. Qe2 Red8 31. g4 g6 32. Rd6 Rxd6 33. exd6 Qd4+
34. Qf2 Qxd6 35. Qxa7 Qc5+ 36. Qxc5 Rxc5 37. g5 Kg7 38. Kf2 h6 39. h4 hxg5 40.
hxg5 e5 41. fxe5 Rxe5 42. a4 1-0

[Event "Winnipeg TNT 2023.10"]
[Site "Winnipeg CAN"]
[Date "2023.10.24"]
[Round "4.8"]
[White "Repaka, Prabhav"]
[Black "Gannon, Keith"]
[Result "0-1"]
[WhiteElo "1561"]
[BlackElo "1439"]
[PlyCount "114"]
[EventDate "2023.10.03"]
[EventType "swiss"]
[EventRounds "4"]
[EventCountry "CAN"]

1. e4 c5 2. Nf3 d6 3. d4 cxd4 4. Bb5+ Bd7 5. Bxd7+ Qxd7 6. Nxd4 Nf6 7. Nc3 e6
8. f4 a6 9. O-O Be7 10. Be3 O-O 11. Qf3 Nc6 12. Rad1 Rac8 13. Nb3 Qc7 14. f5
Ne5 15. Qe2 Qc4 16. Qxc4 Nxc4 17. Bc1 e5 18. h3 b5 19. Rf3 b4 20. Na4 Nxe4 21.
Nd2 Ncxd2 22. Bxd2 Nxd2 23. Rxd2 f6 24. Nb6 Rc6 25. Nd5 Kf7 26. Nxb4 Rb6 27. c3
Rfb8 28. Rff2 a5 29. Nd5 R6b7 30. b3 Bd8 31. Rfe2 Bb6+ 32. Kf1 Bc5 33. Re4 g6
34. g4 gxf5 35. gxf5 Rg8 36. Ne3 Rg3 37. Ng4 Rxh3 38. c4 Rb8 39. Kg2 Rh5 40.
Ne3 Rg8+ 41. Kf3 Rh3+ 42. Ke2 Rh2+ 43. Kd3 Rxd2+ 44. Kxd2 Bxe3+ 45. Kxe3 Rg3+
46. Kf2 Rg5 47. a3 Rxf5+ 48. Kg3 Rg5+ 49. Kf3 f5 50. Re1 h5 51. b4 axb4 52.
axb4 Rg4 53. Rc1 e4+ 54. Ke3 Ke6 55. b5 Kd7 56. Rf1 Rg3+ 57. Kd4 Rd3# 0-1

[Event "Winnipeg TNT 2023.10"]
[Site "Winnipeg CAN"]
[Date "2023.10.24"]
[Round "4.9"]
[White "Ling, Aiden"]
[Black "Kahanda, Inuri"]
[Result "0-1"]
[WhiteElo "1474"]
[BlackElo "1750"]
[PlyCount "100"]
[EventDate "2023.10.03"]
[EventType "swiss"]
[EventRounds "4"]
[EventCountry "CAN"]

1. e4 e6 2. d4 d5 3. Bd3 dxe4 4. Bxe4 Nf6 5. Bf3 c5 6. Be3 cxd4 7. Bxd4 Nc6 8.
Ne2 Nxd4 9. Qxd4 Qxd4 10. Nxd4 Bc5 11. Nb3 Bb6 12. Nc3 O-O 13. Rd1 Rb8 14. Nb5
Bd7 15. Nd6 Bc6 16. Bxc6 bxc6 17. O-O Rfd8 18. Nc4 Kf8 19. Ne5 Rdc8 20. c4 c5
21. f4 Rd8 22. g4 Rxd1 23. Rxd1 Ke8 24. g5 Ng8 25. Nc6 Rc8 26. Ne5 Ne7 27. Rd7
f6 28. Rd6 fxe5 29. fxe5 Rd8 30. Rxe6 Kf7 31. Rd6 Rxd6 32. exd6 Nf5 33. d7 Ke7
34. a4 Nd4 35. Nxd4 cxd4 36. Kf1 a5 37. Ke2 Kxd7 38. Kd3 Kc6 39. b3 Kc5 40. h4
Kb4 41. Kc2 g6 42. Kd3 Kxb3 43. Ke4 Kxc4 44. Ke5 d3 45. Kf6 Bf2 46. Kg7 Bxh4
47. Kxh7 Bxg5 48. Kxg6 Be3 49. Kf5 d2 50. Ke4 Bc5 0-1

[Event "Winnipeg TNT 2023.10"]
[Site "Winnipeg CAN"]
[Date "2023.10.24"]
[Round "4.10"]
[White "Klokow, John"]
[Black "Ash, Cory"]
[Result "1-0"]
[WhiteElo "1661"]
[BlackElo "1075"]
[PlyCount "67"]
[EventDate "2023.10.03"]
[EventType "swiss"]
[EventRounds "4"]
[EventCountry "CAN"]

1. e4 e6 2. d4 d5 3. Nd2 Nc6 4. Ngf3 Bb4 5. c3 dxe4 6. Nxe4 Be7 7. Bd3 Nf6 8.
O-O h6 9. Be3 Nxe4 10. Bxe4 Bf6 11. Qe2 g5 12. Rad1 Bd7 13. d5 Ne5 14. Nxe5
Bxe5 15. dxe6 fxe6 16. Qh5+ Ke7 17. Bxb7 Rb8 18. Bc6 Be8 19. Qe2 Qc8 20. Bxe8
Qxe8 21. Bxg5+ hxg5 22. Qxe5 Rxb2 23. Qxc7+ Kf6 24. Qxa7 Qh5 25. h3 g4 26. Qd4+
Kf5 27. hxg4+ Qxg4 28. Qxh8 Re2 29. Qh3 e5 30. Qxg4+ Kxg4 31. Rfe1 Rxa2 32.
Rxe5 Kf4 33. Re3 Kf5 34. Rc1 1-0

[Event "Winnipeg TNT 2023.10"]
[Site "Winnipeg CAN"]
[Date "2023.10.24"]
[Round "4.11"]
[White "Wijekoon, Dilki"]
[Black "Aiello, Pietro"]
[Result "0-1"]
[WhiteElo "1459"]
[BlackElo "1566"]
[PlyCount "122"]
[EventDate "2023.10.03"]
[EventType "swiss"]
[EventRounds "4"]
[EventCountry "CAN"]

1. e4 c5 2. Nc3 e6 3. Bc4 Nc6 4. Nf3 Nge7 5. Bb3 Ng6 6. d3 Be7 7. Be3 O-O 8.
O-O Na5 9. Ne2 Nxb3 10. axb3 d5 11. exd5 exd5 12. h3 Bd7 13. c3 Bd6 14. d4 cxd4
15. Nexd4 Nh4 16. Nxh4 Qxh4 17. Qf3 Be6 18. Rfd1 a6 19. Ne2 Rad8 20. Nf4 Bxf4
21. Bxf4 Qe7 22. Qg3 Kh8 23. Rd4 Qd7 24. Re1 a5 25. Red1 b5 26. c4 Qc6 27. cxd5
Rxd5 28. Be3 Rfd8 29. Qh4 Qe8 30. R1d2 Rxd4 31. Bxd4 Kg8 32. Qg5 Rxd4 33. Rxd4
f6 34. Qd2 Qg6 35. Kh2 h5 36. Qxa5 Qg5 37. Qa8+ Kh7 38. Rd8 Qf4+ 39. g3 Qxf2+
40. Qg2 Qb6 41. Rd2 Bf7 42. Qe2 Bg6 43. Rd5 b4 44. h4 Qb8 45. Rb5 Qd6 46. Qe1
Qd4 47. Rxb4 Qxb2+ 48. Kg1 Qc2 49. Rb7 Qc5+ 50. Qf2 Qc1+ 51. Kh2 Qc6 52. Re7
Qd6 53. Ra7 Qe6 54. b4 Be4 55. b5 Qg4 56. b6 Bf5 57. Qg2 Be4 58. Qf1 Qc8 59.
Qf2 Bb7 60. Ra3 Qc6 61. Rb3 Qh1# 0-1

[Event "Winnipeg TNT 2023.11"]
[Site "Winnipeg CAN"]
[Date "2023.11.07"]
[Round "1.1"]
[White "Baron, Gustav"]
[Black "Zhou, Joe"]
[Result "0-1"]
[WhiteElo "2057"]
[BlackElo "1667"]
[PlyCount "160"]
[EventDate "2023.11.07"]
[EventType "swiss"]
[EventRounds "4"]
[EventCountry "CAN"]

1. e4 e5 2. Nf3 Nc6 3. Bb5 Nf6 4. d3 d6 5. O-O Be7 6. h3 O-O 7. c3 a6 8. Ba4 b5
9. Bc2 d5 10. Qe2 Bd6 11. Re1 Re8 12. Nbd2 h6 13. Nf1 Be6 14. Ng3 dxe4 15. dxe4
Ne7 16. Be3 c5 17. b3 Qc7 18. Rad1 Rad8 19. Qd2 Qa5 20. Bxh6 gxh6 21. Qxh6 Ng6
22. Nf5 Bf8 23. Qg5 Nh7 24. Qg3 Rxd1 25. Rxd1 Qxc3 26. Bb1 Kh8 27. Kh2 c4 28.
bxc4 Bxc4 29. Qg4 Be2 30. Rg1 Rd8 31. Ne3 Qc8 32. Qh5 Be7 33. Nd5 Qe6 34. Bc2
Bc4 35. Bb3 Bxb3 36. axb3 Kg8 37. Qh6 Bf8 38. Qe3 Rc8 39. g3 Bc5 40. Qd2 Nf6
41. Ng5 Qd6 42. Rc1 Nxd5 43. exd5 Rd8 44. Rd1 Bd4 45. Ne4 Qb6 46. Qh6 Rxd5 47.
Rc1 Rd8 48. g4 Bb2 49. Rf1 Ba3 50. h4 Bf8 51. Qg5 Be7 52. Qh6 Qe6 53. Ng5 Bxg5
54. Qxg5 Qe7 55. Qxe7 Nxe7 56. Ra1 Rd6 57. h5 Kg7 58. Kg3 f6 59. f3 Kh6 60. Rc1
Nc6 61. Rc5 Nd4 62. b4 Nc6 63. f4 exf4+ 64. Kxf4 Nxb4 65. Rc8 a5 66. Rh8+ Kg7
67. Ra8 a4 68. g5 fxg5+ 69. Kxg5 Rd5+ 70. Kg4 Nc6 71. Ra6 Rc5 72. Rb6 a3 73.
Rb7+ Kh6 74. Rb6 a2 75. Ra6 Rc4+ 76. Kf5 Ra4 77. Rxc6+ Kxh5 78. Rc7 Kh4 79.
Rh7+ Kg3 80. Rg7+ Kf2 0-1

[Event "Winnipeg TNT 2023.11"]
[Site "Winnipeg CAN"]
[Date "2023.11.07"]
[Round "1.2"]
[White "Klokow, John"]
[Black "Kwiatek, Jordan"]
[Result "0-1"]
[WhiteElo "1622"]
[BlackElo "1983"]
[Annotator "aboro"]
[PlyCount "64"]
[EventDate "2023.11.07"]
[EventType "swiss"]
[EventRounds "4"]
[EventCountry "CAN"]

1. e4 e6 2. d4 d5 3. Nd2 Nc6 4. Ngf3 Nf6 5. e5 Ne4 6. Bd3 f5 7. exf6 Nxf6 8.
O-O Bd6 9. Re1 O-O 10. c3 Qe8 11. Nf1 Bd7 12. Ng3 h6 13. Ne5 Bxe5 14. dxe5 Nh7
15. Qg4 Qf7 16. f3 Kh8 17. Bd2 Ne7 18. Be3 b6 19. Rad1 c5 20. c4 d4 21. Qe4 Nf5
22. Bc1 Rae8 23. Ne2 g6 24. Nf4 Ng5 25. Qb7 Ra8 26. g4 Rab8 27. Qxa7 Nxf3+ 28.
Kf2 N5h4 29. Kg3 g5 30. Nh5 Nxe1 31. Be4 Qf2+ 32. Kh3 Rf3+ 0-1

[Event "Winnipeg TNT 2023.11"]
[Site "Winnipeg CAN"]
[Date "2023.11.07"]
[Round "1.3"]
[White "Currie, James"]
[Black "Aiello, Mick"]
[Result "1-0"]
[WhiteElo "1938"]
[BlackElo "1576"]
[PlyCount "81"]
[EventDate "2023.11.07"]
[EventType "swiss"]
[EventRounds "4"]
[EventCountry "CAN"]

1. e4 c5 2. Nf3 d6 3. d3 Nc6 4. Nbd2 g6 5. g3 Bg7 6. Bg2 Nf6 7. O-O O-O 8. a4
Bd7 9. c3 a5 10. Nc4 Qc7 11. Re1 Rfe8 12. Qb3 e6 13. Bf4 e5 14. Bc1 h6 15. Nb6
Rad8 16. Nxd7 Qxd7 17. Nh4 Kh7 18. f4 exf4 19. gxf4 Qg4 20. Nf3 Re7 21. Qd1 Qd7
22. Qc2 Rde8 23. f5 gxf5 24. Bh3 Ng4 25. Bf4 fxe4 26. dxe4 Nce5 27. Qg2 Rg8 28.
Bg3 Qc6 29. Nh4 h5 30. Nf5 Re6 31. Kh1 Nd3 32. Re2 Nf6 33. Nxg7 Rxg7 34. Bxe6
fxe6 35. Qf3 d5 36. Qxd3 dxe4 37. Qd6 Qe8 38. Qe5 Qg6 39. Bh4 Ng4 40. Qxe4
Qxe4+ 41. Rxe4 1-0

[Event "Winnipeg TNT 2023.11"]
[Site "Winnipeg CAN"]
[Date "2023.11.07"]
[Round "1.4"]
[White "Repaka, Prabhav"]
[Black "Vaughan, Nathan"]
[Result "0-1"]
[WhiteElo "1535"]
[BlackElo "1907"]
[PlyCount "119"]
[EventDate "2023.11.07"]
[EventType "swiss"]
[EventRounds "4"]
[EventCountry "CAN"]

1. e4 e5 2. Nf3 Nc6 3. Bc4 Nf6 4. d3 Be7 5. O-O d6 6. a4 O-O 7. Re1 Bg4 8. c3
Na5 9. Ba2 c5 10. Nbd2 Nc6 11. Nf1 a6 12. h3 Be6 13. Ng3 Ne8 14. Be3 Qd7 15. d4
cxd4 16. cxd4 exd4 17. Nxd4 Bf6 18. Nxe6 fxe6 19. Qg4 Nc7 20. f4 Kh8 21. Rad1
Rae8 22. e5 Be7 23. exd6 Bxd6 24. Bc5 Bxc5+ 25. Kh2 Qe7 26. Ne4 Bb4 27. Re2 Qf7
28. g3 Qf5 29. Qh4 Be7 30. Ng5 Bxg5 31. fxg5 Ne5 32. Qh5 g6 33. Qh6 Nf7 34. Qh4
Nxg5 35. Qd4+ Qf6 36. Qc5 Qf5 37. Qc3+ e5 38. g4 Qf4+ 39. Kg2 Qf3+ 40. Qxf3
Nxf3 41. Rd7 Ne6 42. Rxb7 Ned4 43. Re3 Rb8 44. Bd5 Rxb7 45. Bxb7 Ne1+ 46. Rxe1
Rb8 47. Bxa6 Rxb2+ 48. Kg3 Ra2 49. Rxe5 Rxa4 50. Bb7 Ra7 51. Bd5 Ra5 52. Re8+
Kg7 53. Bg2 Ra3+ 54. Kh4 Nf3+ 55. Bxf3 Rxf3 56. Re7+ Kf6 57. Re3 Rxe3 58. g5+
Ke5 59. Kg4 Re4+ 60. Kf3 0-1

[Event "Winnipeg TNT 2023.11"]
[Site "Winnipeg CAN"]
[Date "2023.11.07"]
[Round "1.5"]
[White "Zhang, Nicole"]
[Black "Pearce, Thomas"]
[Result "0-1"]
[WhiteElo "1898"]
[BlackElo "1534"]
[PlyCount "144"]
[EventDate "2023.11.07"]
[EventType "swiss"]
[EventRounds "4"]
[EventCountry "CAN"]

1. e4 c5 2. Nf3 d6 3. d4 Nc6 4. Be3 Nf6 5. Nc3 a6 6. dxc5 Qa5 7. cxd6 exd6 8.
Bd2 Qb4 9. Bd3 Qc5 10. h3 Be7 11. O-O O-O 12. Re1 b5 13. Be3 Qb4 14. Rb1 Be6
15. a3 Qa5 16. Ng5 Ne5 17. Nxe6 fxe6 18. Be2 Rad8 19. Qd2 d5 20. exd5 exd5 21.
Bd4 Qc7 22. Qe3 Ng6 23. Bb6 Qe5 24. Qxe5 Nxe5 25. Bxd8 Bxd8 26. Rbd1 Bb6 27.
Nxd5 Nxd5 28. Rxd5 Bxf2+ 29. Kf1 Bg3+ 30. Bf3 Nxf3 31. gxf3 Bxe1 32. Kxe1 Rxf3
33. Rd6 Rxh3 34. Rxa6 g5 35. Ra5 g4 36. Rxb5 h5 37. Kf2 Kg7 38. a4 Kf6 39. a5
Rf3+ 40. Kg2 h4 41. a6 h3+ 42. Kh2 Rf2+ 43. Kg1 g3 44. Rh5 h2+ 45. Kh1 Rf1+ 46.
Kg2 Rg1+ 47. Kf3 h1=Q+ 48. Rxh1 Rxh1 49. Kxg3 Ra1 50. Kf3 Rxa6 51. c4 Ke5 52.
c5 Ra4 53. c6 Rc4 54. b3 Rxc6 55. Ke3 Kd5 56. b4 Rc4 57. b5 Kc5 58. b6 Rb4 59.
b7 Rxb7 60. Kf3 Rf7+ 61. Ke4 Kd6 62. Kd4 Re7 63. Kc4 Re4+ 64. Kc3 Kd5 65. Kb3
Rc4 66. Kb2 Kd4 67. Kb3 Kd3 68. Kb2 Rc3 69. Kb1 Rc2 70. Ka1 Kc3 71. Kb1 Kb3 72.
Ka1 Rc1# 0-1

[Event "Winnipeg TNT 2023.11"]
[Site "Winnipeg CAN"]
[Date "2023.11.07"]
[Round "1.6"]
[White "De Meyer, Oliver"]
[Black "Klusa, Mark"]
[Result "0-1"]
[WhiteElo "1481"]
[BlackElo "1790"]
[PlyCount "126"]
[EventDate "2023.11.07"]
[EventType "swiss"]
[EventRounds "4"]
[EventCountry "CAN"]

1. e4 c5 2. Nf3 Nc6 3. Bc4 e6 4. d3 d5 5. exd5 exd5 6. Bb3 Qe7+ 7. Qe2 Nf6 8.
Bg5 Qxe2+ 9. Kxe2 Be7 10. Re1 Be6 11. Kf1 O-O 12. Nc3 c4 13. dxc4 dxc4 14. Ba4
Nd8 15. Rad1 a6 16. Bd7 h6 17. Bxf6 Bxf6 18. Na4 b5 19. Nc5 Bxb2 20. Nxe6 Nxe6
21. Bxe6 fxe6 22. Rxe6 Rf6 23. Re3 Raf8 24. Rb1 Ba3 25. Rxa3 g5 26. h3 h5 27.
Nxg5 Rxf2+ 28. Kg1 Rxc2 29. Nf3 Rf6 30. Rf1 b4 31. Ne1 Rxf1+ 32. Kxf1 Rb2 33.
Rxa6 c3 34. Nd3 c2 35. Ke1 c1=Q+ 36. Nxc1 Rxg2 37. Ra4 Rh2 38. Rxb4 Rxh3 39.
Kf2 Ra3 40. Rh4 Rc3 41. Rh1 Kf7 42. a4 Ra3 43. Rh4 Kg6 44. Ne2 Kg5 45. Rc4 h4
46. Kg1 Ra2 47. Re4 Ra3 48. Kf2 Kh5 49. Ng1 Ra2+ 50. Kf1 Ra3 51. Kg2 Ra2+ 52.
Kh3 Ra3+ 53. Kh2 Ra2+ 54. Ne2 Kg5 55. Kh3 Ra3+ 56. Kh2 Ra2 57. Kh1 Ra1+ 58. Ng1
Ra3 59. Rc4 Kh5 60. Rc5+ Kg4 61. Rd5 Kg3 62. Ne2+ Kf2 63. Nc1 Rh3# 0-1

[Event "Winnipeg TNT 2023.11"]
[Site "Winnipeg CAN"]
[Date "2023.11.07"]
[Round "1.7"]
[White "Stordeur, Jackson"]
[Black "Ling, Aiden"]
[Result "1-0"]
[WhiteElo "1753"]
[BlackElo "1468"]
[PlyCount "161"]
[EventDate "2023.11.07"]
[EventType "swiss"]
[EventRounds "4"]
[EventCountry "CAN"]

1. e4 c5 2. Nf3 Nc6 3. d4 cxd4 4. Nxd4 e5 5. Nb5 d6 6. N1c3 a6 7. Na3 Be6 8.
Nc4 Rb8 9. Ne3 g6 10. Bc4 b5 11. Bb3 Nf6 12. O-O Bg7 13. Ned5 Bxd5 14. Bxd5 Ne7
15. Bg5 h6 16. Bxf6 Bxf6 17. Qd3 O-O 18. Rad1 Qd7 19. Bb3 Rbd8 20. Rfe1 Bg7 21.
Rd2 Nc6 22. Red1 Nd4 23. Nd5 Kh8 24. c3 Nxb3 25. axb3 f5 26. Qh3 fxe4 27. Qxd7
Rxd7 28. Nb6 Rb7 29. Rxd6 Rfb8 30. Nd7 Rd8 31. Nc5 Rxd6 32. Rxd6 Rb8 33. Nxe4
b4 34. c4 g5 35. Rxa6 Rd8 36. Rd6 Ra8 37. Kf1 Ra2 38. Rd2 Ra1+ 39. Ke2 Rh1 40.
c5 Bf8 41. Rc2 Ra1 42. c6 Ra8 43. Kf3 Kg7 44. Rd2 Kf7 45. Kg4 Ke6 46. c7 Rc8
47. Rd8 Rxc7 48. Rxf8 Rc2 49. Rb8 Rxb2 50. Rxb4 Re2 51. Kf3 Rc2 52. Rb6+ Kf7
53. Rxh6 Rb2 54. Nxg5+ Kg7 55. Rb6 Kf8 56. Kg4 Rxf2 57. Kg3 Rf5 58. Ne6+ Ke7
59. Nc5 Rg5+ 60. Kf3 Rf5+ 61. Ke4 Rh5 62. g4 Rxh2 63. Kxe5 Re2+ 64. Kf5 Rf2+
65. Kg6 Rf8 66. Re6+ Kd8 67. g5 Rg8+ 68. Kf6 Rf8+ 69. Kg7 Rf5 70. Nb7+ Kc7 71.
Re7+ Kc6 72. g6 Rb5 73. Kf8 Rf5+ 74. Rf7 Rb5 75. g7 Rxb3 76. Na5+ Kb5 77. Rb7+
Kxa5 78. Rxb3 Ka4 79. Rb8 Ka3 80. g8=Q Ka4 81. Qa2# 1-0

[Event "Winnipeg TNT 2023.11"]
[Site "Winnipeg CAN"]
[Date "2023.11.07"]
[Round "1.8"]
[White "Trueman, Francis"]
[Black "Letain, Cory"]
[Result "0-1"]
[WhiteElo "1404"]
[BlackElo "1722"]
[PlyCount "48"]
[EventDate "2023.11.07"]
[EventType "swiss"]
[EventRounds "4"]
[EventCountry "CAN"]

1. d3 e6 2. Nd2 Nc6 3. e4 Bc5 4. Ngf3 Nge7 5. g3 O-O 6. Bg2 d6 7. O-O f5 8. Nb3
Bb6 9. Qe2 Bd7 10. c3 h6 11. d4 Ng6 12. e5 dxe5 13. dxe5 f4 14. Qe4 Qe8 15. g4
Qf7 16. h4 Nce7 17. Nbd4 c5 18. Ne2 Bc6 19. Qc2 Bxf3 20. Bxf3 Nxh4 21. Bxb7
Rad8 22. Nxf4 Nd5 23. Nxd5 Qxb7 24. Qe4 exd5 0-1

[Event "Winnipeg TNT 2023.11"]
[Site "Winnipeg CAN"]
[Date "2023.11.07"]
[Round "1.9"]
[White "Rook, Sean"]
[Black "Bouchard, Daniel"]
[Result "1-0"]
[WhiteElo "1714"]
[BlackElo "1215"]
[PlyCount "115"]
[EventDate "2023.11.07"]
[EventType "swiss"]
[EventRounds "4"]
[EventCountry "CAN"]

1. e4 c5 2. c3 d5 3. exd5 Qxd5 4. d4 g6 5. Nf3 Bg7 6. Be3 Nh6 7. Be2 O-O 8. c4
Qd8 9. Nc3 Nf5 10. d5 Nxe3 11. fxe3 Bg4 12. O-O Nd7 13. a4 a6 14. Rb1 Qc7 15.
Nd2 Bxe2 16. Qxe2 Ne5 17. Nf3 Ng4 18. Ne4 f5 19. Neg5 Rf6 20. Ne6 Qd6 21. h3
Ne5 22. e4 fxe4 23. Qxe4 Nxf3+ 24. Rxf3 Rxf3 25. Qxf3 Bf6 26. b3 Rb8 27. Rf1 b5
28. g4 bxa4 29. bxa4 Rb2 30. Qf4 Qxf4 31. Rxf4 g5 32. Re4 Rb1+ 33. Kf2 Rb2+ 34.
Kf3 Rb3+ 35. Ke2 Rxh3 36. Nxc5 Ra3 37. Re6 Rc3 38. Rxa6 Rxc4 39. Ne6 Rxg4 40.
Ra8+ Kf7 41. a5 h5 42. a6 Bg7 43. a7 Ra4 44. Nd8+ Kg6 45. Ne6 Kf6 46. Nc7 h4
47. Kf3 Ke5 48. Nb5 Bf6 49. Rc8 Rxa7 50. Nxa7 Kxd5 51. Rc2 Ke5 52. Kg4 Ke6 53.
Nb5 Kd5 54. Re2 Kc4 55. Nc7 Kd3 56. Re1 Kd2 57. Re6 Bb2 58. Kxg5 1-0

[Event "Winnipeg TNT 2023.11"]
[Site "Winnipeg CAN"]
[Date "2023.11.07"]
[Round "1.10"]
[White "Mandusic, Ante"]
[Black "Kuryliw, Ray"]
[Result "0-1"]
[WhiteElo "1204"]
[BlackElo "1711"]
[PlyCount "80"]
[EventDate "2023.11.07"]
[EventType "swiss"]
[EventRounds "4"]
[EventCountry "CAN"]

1. e4 c6 2. d3 g6 3. Nc3 Bg7 4. Nge2 d6 5. g3 Na6 6. Bg2 Bg4 7. O-O Qd7 8. Rb1
Bh3 9. Bxh3 Qxh3 10. Nf4 Qd7 11. a3 h5 12. h4 Nf6 13. Kg2 Nc5 14. b4 Ne6 15.
Nxe6 Qxe6 16. b5 c5 17. Re1 Ng4 18. Nd5 Qd7 19. a4 O-O 20. b6 a6 21. a5 Rac8
22. c4 Ne5 23. Bg5 Nc6 24. Bd2 Kh7 25. Re3 e6 26. Nf4 Bh6 27. Qf3 Ne5 28. Qe2
Qe7 29. Rh1 Qf6 30. Bc3 Bxf4 31. gxf4 Qxf4 32. d4 cxd4 33. Bxd4 Nxc4 34. Rc3
Nxa5 35. Rf3 Qg4+ 36. Kf1 Rc1+ 37. Qe1 Rxe1+ 38. Kxe1 Qxf3 39. Rh2 Rc8 40. Kf1
Rc1# 0-1

[Event "Winnipeg TNT 2023.11"]
[Site "Winnipeg CAN"]
[Date "2023.11.07"]
[Round "1.11"]
[White "Hansima, Charitha"]
[Black "Hamm, Gabriel"]
[Result "0-1"]
[WhiteElo "1703"]
[BlackElo "1191"]
[PlyCount "94"]
[EventDate "2023.11.07"]
[EventType "swiss"]
[EventRounds "4"]
[EventCountry "CAN"]

1. d4 Nf6 2. Bf4 c5 3. e3 d5 4. Nf3 Bf5 5. Bd3 Bxd3 6. Qxd3 Nc6 7. c3 Qb6 8.
Qc2 e6 9. Nbd2 Rc8 10. h3 Be7 11. O-O O-O 12. Rfe1 cxd4 13. exd4 Nxd4 14. Nxd4
Qxd4 15. Qxh7+ Kxh7 16. cxd4 Rc2 17. Rab1 Bb4 18. Red1 Rfc8 19. Nf3 Ne4 20.
Ng5+ Nxg5 21. Bxg5 Kg6 22. Bf4 Kf5 23. Be3 R8c6 24. Rd3 Bd6 25. g4+ Ke4 26. Rb3
b6 27. Kg2 f5 28. Re1 f4 29. Bd2+ Kxd4 30. Bc3+ Kc4 31. Rxe6 Bc5 32. Rb4+ Bxb4
33. Rxc6+ Bc5 34. Bxg7 Rxf2+ 35. Kh1 Rf1+ 36. Kg2 Rf2+ 37. Kh1 f3 38. Bf8 d4
39. Bxc5 bxc5 40. g5 Kd5 41. Rc7 Rf1+ 42. Kh2 f2 43. Kg2 Rg1+ 44. Kxf2 Rxg5 45.
Rxa7 Re5 46. Rd7+ Kc4 47. h4 d3 0-1

[Event "Winnipeg TNT 2023.11"]
[Site "Winnipeg CAN"]
[Date "2023.11.07"]
[Round "1.12"]
[White "Ash, Cory"]
[Black "Abdildin, Amangeldi"]
[Result "0-1"]
[WhiteElo "1105"]
[BlackElo "1690"]
[PlyCount "72"]
[EventDate "2023.11.07"]
[EventType "swiss"]
[EventRounds "4"]
[EventCountry "CAN"]

1. e4 d5 2. Nc3 d4 3. Nce2 d3 4. Nf4 dxc2 5. Qf3 e6 6. Bd3 Nc6 7. Nge2 Ne5 8.
Qg3 g5 9. Bxc2 gxf4 10. Nxf4 Ng6 11. Nd3 b6 12. b3 Bg7 13. Rb1 Bb7 14. Nb4 Qd6
15. Qxd6 cxd6 16. h4 Rc8 17. h5 Nf8 18. g4 a5 19. d3 axb4 20. Kd1 Nd7 21. f4
Ne7 22. f5 exf5 23. h6 Bc3 24. gxf5 Nxf5 25. a3 Nd4 26. axb4 Bxb4 27. Rb2 Ba3
28. Ra2 Bxc1 29. Kxc1 Rxc2+ 30. Rxc2 Nxc2 31. Kxc2 Ke7 32. Kc3 Rc8+ 33. Kd4 Nc5
34. Rg1 Nxb3+ 35. Ke3 Kf6 36. d4 Rc3+ 0-1

[Event "Winnipeg TNT 2023.11"]
[Site "Winnipeg CAN"]
[Date "2023.11.14"]
[Round "2.1"]
[White "Kwiatek, Jordan"]
[Black "Rook, Sean"]
[Result "1-0"]
[WhiteElo "1983"]
[BlackElo "1714"]
[PlyCount "76"]
[EventDate "2023.11.07"]
[EventType "swiss"]
[EventRounds "4"]
[EventCountry "CAN"]

1. c4 e5 2. g3 Nf6 3. Bg2 c6 4. d4 exd4 5. Qxd4 b6 6. Nf3 Bb7 7. O-O Bc5 8.
Qe5+ Be7 9. Nc3 O-O 10. Bf4 Re8 11. Qd4 Na6 12. a3 Nc5 13. Rad1 Ne6 14. Qd2
Nxf4 15. Qxf4 a5 16. e4 Kh8 17. e5 Ng8 18. Qxf7 Rf8 19. Qh5 Qc7 20. Ne4 g6 21.
Qg4 Rf5 22. Nd6 Bxd6 23. exd6 Qd8 24. Nh4 Nf6 25. Qe2 Rc5 26. b4 axb4 27. axb4
Rh5 28. Bf3 Rxh4 29. gxh4 Qf8 30. Qe7 Re8 31. Qxf8+ Rxf8 32. Rfe1 Ne8 33. Kg2
Ng7 34. Be4 Ne6 35. b5 Nc5 36. Bf3 Rf4 37. bxc6 dxc6 38. d7 Rf8 1-0